Statistics for Countries that Start with A (Alphabetically)

Click here to take the quiz!

General Stats

  • This quiz has been taken 14 times
  • The average score is 10 of 11

Answer Stats

Answer% Correct
Afghanistan
91%
Albania
91%
Andorra
91%
Angola
91%
Antigua and Barbuda
91%
Argentina
91%
Australia
91%
Azerbaijan
91%
Algeria
82%
Austria
82%
Armenia
73%

Score Distribution

Percentile by Number Answered

Percent of People with Each Score

Your Score History

You have not taken this quiz